History - European | 1 | 4 | 0 | 0 | 55 | 13 | 90.80 | 0 | 1 |
Science - Biology | 0 | 5 | 0 | 0 | 50 | 108 | 112.20 | 0 | 0 |
RMP - Philosophy | 0 | 5 | 0 | 0 | 50 | 105 | 119.20 | 0 | 0 |
History - World | 0 | 4 | 0 | 0 | 40 | 105 | 108.50 | 0 | 0 |
History - American | 0 | 4 | 0 | 0 | 40 | 101 | 111.75 | 0 | 0 |
History - Cross, Historiography, and Miscellaneous | 0 | 3 | 0 | 0 | 30 | 67 | 105.33 | 0 | 0 |
Literature - American | 0 | 2 | 0 | 0 | 20 | 122 | 131.00 | 0 | 0 |
Literature - British | 0 | 2 | 0 | 0 | 20 | 126 | 134.50 | 0 | 0 |
Fine Arts - Miscellaneous | 0 | 2 | 0 | 0 | 20 | 90 | 106.50 | 0 | 0 |
RMP - Christian Practice | 0 | 2 | 0 | 0 | 20 | 87 | 100.50 | 0 | 0 |
Fine Arts - Painting | 0 | 2 | 0 | 0 | 20 | 106 | 107.00 | 0 | 0 |
RMP - World Mythology | 0 | 2 | 0 | 0 | 20 | 120 | 121.00 | 0 | 0 |
Current Events - World | 0 | 1 | 0 | 0 | 10 | 112 | 112.00 | 0 | 0 |
Social Science - Psychology | 0 | 1 | 0 | 0 | 10 | 64 | 64.00 | 0 | 0 |
Science - Physics | 0 | 1 | 0 | 0 | 10 | 118 | 118.00 | 0 | 0 |
Science - Chemistry | 0 | 1 | 0 | 0 | 10 | 97 | 97.00 | 0 | 0 |
Science - Math | 0 | 1 | 0 | 0 | 10 | 110 | 110.00 | 0 | 0 |
Science - Computer Science | 0 | 1 | 0 | 0 | 10 | 119 | 119.00 | 0 | 0 |
Literature - World and Miscellaneous | 0 | 0 | 0 | 0 | 0 | | 0.00 | 0 | 0 |
Fine Arts - Music | 0 | 0 | 0 | 0 | 0 | | 0.00 | 0 | 0 |
Literature - European | 0 | 0 | 0 | 0 | 0 | | 0.00 | 0 | 0 |
Current Events - U.S. | 0 | 0 | 0 | 0 | 0 | | 0.00 | 0 | 0 |
RMP - Other Religion | 0 | 0 | 0 | 0 | 0 | | 0.00 | 0 | 0 |
Social Science - Linguistics | 0 | 0 | 0 | 0 | 0 | | 0.00 | 0 | 0 |